[Event "Salou Salauris op 1st"]
[Site "Salou"]
[Date "2021.06.27"]
[Round "7"]
[White "Olive Oller, Guim"]
[Black "Martinez Garcia, Adria"]
[Result "1-0"]
[WhiteElo "1777"]
[BlackElo "1531"]
[PlyCount "82"]
[EventDate "2021.06.25"]
[EventType "swiss"]
[EventRounds "7"]
[EventCountry "ESP"]
[SourceTitle "CBM 203 Extra"]
[Source "ChessBase"]
[SourceDate "2021.09.30"]
[SourceVersion "1"]
[SourceVersionDate "2021.09.30"]
[SourceQuality "1"]

1. d4 Nf6 2. c4 g6 3. Nc3 Bg7 4. e4 d6 5. f3 0-0 6. Be3 e5 7. Nge2 Nc6 8. d5 Nb8 9. g4 c6 10. h4 Qe7 11. h5 Bd7 12. hxg6 fxg6 13. Ng3 Ne8 14. Be2 Na6 15. Qd2 Nac7 16. 0-0-0 a6 17. Rh2 cxd5 18. cxd5 Rf7 19. Bg5 Nf6 20. Rdh1 Bh8 21. Bd1 Nb5 22. Nxb5 Bxb5 23. Rh6 Rc8+ 24. Kb1 Qc7 25. Be2 Bxe2 26. Nxe2 b5 27. Ng1 Qb7 28. Qh2 Qa7 29. Rxg6+ Rg7 30. Rxg7+ Bxg7 31. Nh3 Rc7 32. Qd2 Qb8 33. Bh6 Qf8 34. Bxg7 Rxg7 35. Ng5 Qe7 36. Ne6 Rg6 37. Rh6 Rxh6 38. Qxh6 Qf7 39. Qg5+ Kh8 40. Qf5 a5 41. g5 Qh5 1-0

[Event "Salou Salauris op 1st"]
[Site "Salou"]
[Date "2021.06.25"]
[Round "2"]
[White "Martinez Garcia, Adria"]
[Black "Marzal Salas, Isabel"]
[Result "1-0"]
[WhiteElo "1531"]
[BlackElo "1397"]
[PlyCount "75"]
[EventDate "2021.06.25"]
[EventType "swiss"]
[EventRounds "7"]
[EventCountry "ESP"]
[SourceTitle "CBM 203 Extra"]
[Source "ChessBase"]
[SourceDate "2021.09.30"]
[SourceVersion "1"]
[SourceVersionDate "2021.09.30"]
[SourceQuality "1"]

1. e4 c5 2. Nf3 Nc6 3. d4 d6 4. d5 Ne5 5. Nxe5 dxe5 6. Bb5+ Bd7 7. Bxd7+ Qxd7 8. c4 Nf6 9. Nc3 h6 10. f3 g5 11. Be3 Bg7 12. Qe2 0-0 13. h4 g4 14. 0-0-0 Nh5 15. Qd2 Qd6 16. fxg4 Ng3 17. Rh3 f5 18. gxf5 Nh5 19. g4 Nf4 20. Rf3 Qf6 21. Bxf4 Qxh4 22. Be3 Qxg4 23. Qf2 Qh5 24. Rg1 Rf7 25. Qg2 Kh7 26. Qg6+ Qxg6 27. fxg6+ Kh8 28. gxf7 Rf8 29. Nb5 Bf6 30. Rxf6 exf6 31. Nd6 Kh7 32. Bxh6 Kxh6 33. Rg8 Rxf7 34. Nxf7+ Kh7 35. Rg1 a6 36. Nxe5 fxe5 37. d6 b5 38. d7 1-0

[Event "Salou op U2300 3rd"]
[Site "Salou"]
[Date "2018.04.29"]
[Round "4"]
[White "Segura Riba, Josep Maria"]
[Black "Martinez Garcia, Adria"]
[Result "1-0"]
[WhiteElo "1600"]
[BlackElo "1522"]
[PlyCount "87"]
[EventDate "2018.04.28"]
[EventType "swiss"]
[EventRounds "7"]
[EventCountry "ESP"]
[SourceTitle "CBM 184 Extra"]
[Source "ChessBase"]
[SourceDate "2018.06.28"]
[SourceVersion "1"]
[SourceVersionDate "2018.06.28"]
[SourceQuality "1"]

1. e4 e5 2. Nf3 Nc6 3. Bc4 Bc5 4. d3 d6 5. Ng5 Qf6 6. Qf3 Qxf3 7. Nxf3 Nf6 8. h3 0-0 9. Bg5 Nd7 10. 0-0 Nb6 11. Bb3 Nd4 12. Nxd4 Bxd4 13. c3 Bc5 14. Nd2 c6 15. Nf3 d5 16. Nxe5 dxe4 17. dxe4 a5 18. a4 Bd7 19. Rad1 Be6 20. Bxe6 fxe6 21. Nd7 Nxd7 22. Rxd7 b5 23. b3 h6 24. Be7 Rf7 25. Rd8+ Rxd8 26. Bxd8 Rf4 27. Bxa5 bxa4 28. bxa4 Rxe4 29. Ra1 Rf4 30. Ra2 Rf5 31. Bc7 Rd5 32. a5 Ba7 33. c4 Rd7 34. Bb6 Bb8 35. g3 Rb7 36. c5 Be5 37. a6 Rb8 38. a7 Ra8 39. Rd2 Bf6 40. Rd7 Kf8 41. Rc7 Ke8 42. Rxc6 Kd7 43. Rc7+ Ke8 44. Rb7 1-0